000
00309nam a2200121Ia 4500
008
230907s9999||||xx |||||||||||||| ||und||
082
_a
658.477
100
_a
Gustin, Joseph F.,
_9
36364
245
0
_a
Bioterrorism :
260
_a
Fairmont Press,
_b
Lilburn, Ga. :
_c
2005
300
_a
ix, 269 p. :
942
_c
BK
999
_c
599538
_d
599538